El último mohicano (Record no. 19344)

MARC details
000 -LEADER
campo de control de longitud fija 00622nmc a2200229 a 4500
003 - IDENTIFICADOR DE NÚMERO DE CONTROL
campo de control AR-BaBNM
005 - FECHA Y HORA DE LA ÚLTIMA TRANSACCIÓN
campo de control 20251128211348.0
008 - DATOS DE LONGITUD FIJA--INFORMACIÓN GENERAL
campo de control de longitud fija 014020s[200 ||||||||||||||000 | spa||
020 ## - NÚMERO INTERNACIONAL ESTÁNDAR DEL LIBRO
Número Internacional Estándar del Libro 84-392-0923-1
040 ## - FUENTE DE CATALOGACIÓN
Centro/agencia transcriptor AR-BaBNM
100 1# - ENTRADA PRINCIPAL--NOMBRE DE PERSONA
Nombre de persona Cooper, James Fenimore
Fechas asociadas al nombre 1789-1851
245 10 - MENCIÓN DEL TÍTULO
Título El último mohicano
260 ## - PUBLICACIÓN, DISTRIBUCIÓN, ETC.
Lugar de publicación, distribución, etc. Madrid
Nombre del editor, distribuidor, etc. Ediciones Gaviota
Fecha de publicación, distribución, etc. [2001]
300 0# - DESCRIPCIÓN FÍSICA
Extensión 340 p.
Otros detalles físicos láms.
490 #0 - MENCIÓN DE SERIE
Mención de serie Biblioteca universal de clásicos juveniles
650 #4 - PUNTO DE ACCESO ADICIONAL DE MATERIA--TÉRMINO DE MATERIA
Término de materia o nombre geográfico como elemento de entrada LITERATURA ESTADOUNIDENSE
653 #0 - TÉRMINO DE INDIZACIÓN--NO CONTROLADO
Término no controlado LITERATURA JUVENIL
653 #0 - TÉRMINO DE INDIZACIÓN--NO CONTROLADO
Término no controlado NOVELA DE AVENTURAS
655 ## - TERMINO DE INDIZACIÓN--GENERO/FORMA
Datos o término principal de género/forma LITERATURA
942 ## - ELEMENTOS DE ENTRADA SECUNDARIOS (KOHA)
Tipo de ítem Koha Libros
998 ## - INFORMACIÓN DE CONTROL LOCAL (RLIN)
Iniciales del catalogador, CIN (RLIN) martin
Holdings
Estatus retirado Estado de pérdida Fuente de la clasificación o esquema de estantería Estado de daño Restricciones de uso No para préstamo Biblioteca de origen Biblioteca actual Fecha de adquisición Total de préstamos Signatura topográfica completa Código de barras Visto por última vez Precio de reemplazo Tipo de ítem Koha
    Clasificación Decimal Dewey   Acceso restringido No para préstamo Liberty Liberty 28/11/2025   82 C-BUC 3 134132 28/11/2025 28/11/2025 Libros